| 000 | 00714cam a2200205 4500 | ||
|---|---|---|---|
| 001 | WB3633-04 | ||
| 008 | 000000n2000 000 0 eng u | ||
| 035 | _a(Sirsi) u107967 | ||
| 245 | _aIrish construction 9% growth | ||
| 260 | _c2000 | ||
| 490 |
_aIrish Times _v 23 August 2000, 19(1) |
||
| 520 | _aIn Ireland, construction shows a 9% rise, with output estimated at £14bn in the current year. Warns that the construction boom is at a peak with a fall in the number of tender bids and spiralling tender prices. | ||
| 590 | _aWB | ||
| 650 | _aCONSTRUCTION MARKET | ||
| 650 | _aTENDER PRICES | ||
| 650 | _aFORECASTS | ||
| 650 | _aOUTPUT | ||
| 690 | _aBUILT ENVIRONMENT-CONSTRUCTION MARKET | ||
| 942 | _n0 | ||
| 999 |
_c64499 _d64499 |
||